00366nam a2200145Ia 4500003000400000008004100004040001600045082001300061100001800074245004400092260004500136300001000181650001100191650001800202GCL140319s9999 xx 000 0 eng d aGCL / cGCL04a170bS C1 aSINGER, PETER10aA COMPANION TO ETHICS / cSINGER, PETER a[S.N] : bBasil Block Well Ltd ، c1993 a525 P04aETHICS04aSOCIAL ETHICS